logo

Bir Sreshtho Munshi Abdur Rouf Library
Jhenaidah Cadet College

Logarithmic And Other Tables For Schools / (Record no. 9400)

MARC details
000 -LEADER
fixed length control field 00569nam a2200217 a 4500
001 - CONTROL NUMBER
JCCL Control Number 9400
003 - CONTROL NUMBER IDENTIFIER
JCCL marc code BD-JhCC
005 - DATE AND TIME OF LATEST TRANSACTION
control field 20180529131106.0
008 - FIXED-LENGTH DATA ELEMENTS--GENERAL INFORMATION
fixed length control field 180313s19081965bg |||| ||a| 000 0 eng d
035 ## - SYSTEM CONTROL NUMBER
system control number (BD-JhCC)9400
040 ## - CATALOGING SOURCE
Original cataloging agency BD-JhCC
Modifying agency BD-JhCC
041 ## - LANGUAGE CODE
Language code of Book eng
082 ## - DEWEY DECIMAL CLASSIFICATION NUMBER
Classification number 510.83
Author mark and Year CAS 1965
100 ## - MAIN ENTRY--PERSONAL NAME
Personal name Castle, Frank .
245 ## - TITLE STATEMENT
Title Logarithmic And Other Tables For Schools /
Statement of responsibility, etc Frank Castle, M.I.MECH.E.
260 ## - PUBLICATION, DISTRIBUTION, ETC. (IMPRINT)
Place of publication, distribution, etc London:
Name of publisher, distributor, etc Macmillan and CO LTD ;
Date of publication, distribution, etc 1965.
300 ## - PHYSICAL DESCRIPTION
Pagination 39 p. :
Dimensions 19 cm.
651 ## - SUBJECT ADDED ENTRY--GEOGRAPHIC NAME
Geographic name Logarithmic.
942 ## - ADDED ENTRY ELEMENTS (KOHA)
Source of classification or shelving scheme Dewey Decimal Classification
Koha item type Books
Holdings
Source of classification or shelving scheme Damaged status Not for loan Home library Current library Shelving location Total Checkouts Full call number Barcode Date last seen Copy number Koha item type
Dewey Decimal Classification     JCC Rouf Library JCC Rouf Library General Stacks   510.83 CAS 1965 12498 03/13/2018 C-1 Books
Dewey Decimal Classification     JCC Rouf Library JCC Rouf Library General Stacks   510.83 CAS 1965 12497 03/13/2018 C-2 Books
Dewey Decimal Classification     JCC Rouf Library JCC Rouf Library General Stacks   510.83 CAS 1965 12496 03/13/2018 C-3 Books
Dewey Decimal Classification     JCC Rouf Library JCC Rouf Library General Stacks   510.83 CAS 1965 12495 03/13/2018 C-4 Books
Dewey Decimal Classification     JCC Rouf Library JCC Rouf Library General Stacks   510.83 CAS 1965 12494 03/13/2018 C-5 Books
Dewey Decimal Classification     JCC Rouf Library JCC Rouf Library General Stacks   510.83 CAS 1965 12493 03/13/2018 C-6 Books

JCC Library | Contacts | JCC Home

Last Update on 23 September 2017
Copyright @ 2017-2020 JCC Rouf Library
Rouf Library, Jhenidah Cadet College (JCC), Bangladesh